Cuba a la mano (Registro nro. 309991)

Detalles MARC
000 -ENCABEZADO
Número de control [NR] 01045cam a2200301 i 4500
003 - IDENTIFICADOR DE CONTROL NÚMERO
control field Co-BoUCM
005 - FECHA Y HORA DE LA ÚLTIMA TRANSACCIÓN
control field 20180607150759.0
007 - CAMPO DESCRIPCIÓN FÍSICA FIJA - INFORMACIÓN GENERAL
fixed length control field ta
008 - DE LONGITUD FIJA DE DATOS DE ELEMENTOS - INFORMACIÓN GENERAL
Elementos de longitud fija [NR] 180607s2018 ck a gr 000 0dspa d
015 ## - NUMERO DE BIBLIOGRAFIA NACIONAL [R]
Número de bibliografía nacional [R] NNN
020 ## - NUMERO INTERNACIONAL NORMALIZADO PARA LIBROS [R]
Número Internacional Normalizado del libro [NR] 9789587415599
040 ## - FUENTE DE CATALOGACION [NR]
Agencia de catalogación original [NR] Co-BoUCM
Idioma de catalogación [NR] spa
Quien Cataloga Saul Niño
Quien Clasifica Saul Niño
041 0# - CODIGO DE IDIOMA [R]
Código de idioma para texto/pista de sonido o título separado [R] Español
100 1# - ASIENTO PRINCIPAL--NOMBRE PERSONAL [NR]
Nombre personal [NR] Guerra Vilaboy, Sergio
Fechas asociadas con el nombre [NR] 1949-
ID Autoridad 92791
245 10 - MENCION DE TITULO [NR]
Título [NR] Cuba a la mano
Parte restante del título [NR] anatomía de una país
Mención de responsabilidad, etc. [NR] Sergio Guerra Vilaboy, Roberto González Arana
260 ## - PUBLICACION, DISTRIBUCION, ETC. (PIE DE IMPRENTA) [R]
Lugar de publicación, distribución, etc. [R] Barranquilla (Colombia)
Nombre del editor, distribuidor, etc. [R] Universidad del Norte
Fecha de publicación, distribución, etc. [R] 2015
300 ## - DESCRIPCION FISICA [R]
Extensión [R] 334 páginas
Otros detalles físicos [NR] ilustraciones, fotografías
490 0# - MENCION DE SERIE [R]
Mención de serie [R] Gran Caribe
651 #4 - ASIENTO SECUNDARIO DE MATERIA - NOMBRE GEOGRAFICO [R]
Nombre geográfico [NR] Cuba
Subdivisión general [R] Historia
9 (RLIN) 67775
651 #4 - ASIENTO SECUNDARIO DE MATERIA - NOMBRE GEOGRAFICO [R]
Nombre geográfico [NR] Cuba
Subdivisión general [R] Geografía
9 (RLIN) 92792
651 #4 - ASIENTO SECUNDARIO DE MATERIA - NOMBRE GEOGRAFICO [R]
Nombre geográfico [NR] Cuba
Subdivisión general [R] Condiciones sociales
9 (RLIN) 92793
651 #4 - ASIENTO SECUNDARIO DE MATERIA - NOMBRE GEOGRAFICO [R]
Nombre geográfico [NR] Cuba
Subdivisión general [R] Condiciones económicas
9 (RLIN) 92794
651 #4 - ASIENTO SECUNDARIO DE MATERIA - NOMBRE GEOGRAFICO [R]
Nombre geográfico [NR] Cuba
Subdivisión general [R] Relaciones exteriores
9 (RLIN) 92795
651 #4 - ASIENTO SECUNDARIO DE MATERIA - NOMBRE GEOGRAFICO [R]
Nombre geográfico [NR] Cuba
Subdivisión general [R] Política y gobierno
9 (RLIN) 68463
700 1# - ASIENTO SECUNDARIO - NOMBRE PERSONAL [R]
Nombre personal [NR] González Arana, Roberto
9 (RLIN) 28926
942 ## - ELEMENTOS DE ENTRADA AGREGADOS (KOHA)
Sistema de clasificación DEWEY
Tema principal Historia
Tipo de ítem principal el descrito en 300a Libro
Edición 1
Clasificación 972.91
Parte restante de la signatura top. G934c
Existencias
Total préstamos Signatura topográfica Código de barras Última vez visto Ejemplar Costo de reposición Price effective from Tipo de ítem Perdido Sistema de clasificación Dañado No prestable Tipo de ítem específico Suprimido Ubicación habitual Ubicación actual Localización Fecha de creación Proveedor Forma de adquisición Costo
  972.91 G934c 100157553 10/12/2025 Ej.1 26000.00 30/05/2018 Libro   DEWEY     Libro   Claustro Claustro 2do piso 30/05/2018 12 Donación 0.00